| 000 | 00343cam a22001217a 4500 | ||
|---|---|---|---|
| 008 | 180718b1971 xxu||||| |||| 00| 0 eng d | ||
| 082 | _aP953 Es19 | ||
| 100 | _aEscreet, P.K. | ||
| 245 |
_aIntroduction to Anglo-American cataloguing rules _cby P.K. Escreet |
||
| 260 |
_aNew Delhi _bOxford & IBH _c1971 |
||
| 300 | _a384p. | ||
| 650 | _aCataloguing | ||
| 999 |
_c344384 _d344384 |
||